[Event "Landesliga Nord 1718"]
[Site "Bayern"]
[Date "2018.04.15"]
[Round "9.6"]
[White "Muehlbauer, Gerhard"]
[Black "Burggraf, Michael"]
[Result "0-1"]
[WhiteElo "1975"]
[BlackElo "2064"]
[PlyCount "64"]
[EventDate "2017.10.22"]
[EventType "team-tourn"]
[EventRounds "9"]
[EventCountry "GER"]
[SourceTitle "EXT 2022"]
[Source "ChessBase"]
[SourceDate "2021.10.06"]
[SourceVersion "1"]
[SourceVersionDate "2021.10.06"]
[SourceQuality "1"]
[WhiteTeam "Bad Koetzting"]
[BlackTeam "Forchheim SC II"]
[WhiteTeamCountry "GER"]
[BlackTeamCountry "GER"]

1. c4 e5 2. Nc3 Nc6 3. g3 f5 4. Bg2 Nf6 5. d3 g6 6. e4 Bg7 7. Nge2 0-0 8. 0-0 d6 9. f4 Nd4 10. Rb1 a5 11. Kh1 c6 12. Be3 Ng4 13. Bg1 Nxe2 14. Nxe2 exf4 15. Nxf4 a4 16. Qc2 Qg5 17. Rbe1 Qh6 18. Bf3 Ne5 19. Bg2 g5 20. Ne2 f4 21. gxf4 gxf4 22. Nd4 Ng4 23. Nf3 Ra5 24. h3 Rh5 25. Nh2 Nxh2 26. Bxh2 Bxh3 27. Rf2 Bxg2+ 28. Rxg2 f3 29. Rxg7+ Kxg7 30. Rg1+ Kf7 31. Qf2 Ke6 32. Qd4 Rxh2# 0-1

[Event "Landesliga Nord 1516"]
[Site "Bayern"]
[Date "2015.11.15"]
[Round "3.8"]
[White "Muehlbauer, Gerhard"]
[Black "Renner, Christian"]
[Result "0-1"]
[WhiteElo "1918"]
[BlackElo "1900"]
[PlyCount "66"]
[EventDate "2015.10.11"]
[EventType "team-tourn"]
[EventRounds "9"]
[EventCountry "GER"]
[SourceTitle "EXT 2018"]
[Source "ChessBase"]
[SourceDate "2017.10.13"]
[SourceVersion "1"]
[SourceVersionDate "2017.10.13"]
[SourceQuality "1"]
[WhiteTeam "Bad Koetzting"]
[BlackTeam "Nuernberg NT II"]
[WhiteTeamCountry "GER"]
[BlackTeamCountry "GER"]

1. d4 Nf6 2. c4 e6 3. Nf3 d5 4. Nc3 Bb4 5. Bg5 dxc4 6. e4 c5 7. Bxc4 cxd4 8. Bxf6 gxf6 9. Qxd4 Qxd4 10. Nxd4 Bxc3+ 11. bxc3 a6 12. a4 Nd7 13. Nb3 b6 14. 0-0-0 Ke7 15. Rd2 Bb7 16. Rhd1 Rhd8 17. Bd3 Rac8 18. Kb2 Ne5 19. f3 Rc7 20. Be2 Rxd2+ 21. Rxd2 Bc6 22. Rd4 Bb7 23. Rb4 Nd7 24. Kc2 a5 25. Rd4 e5 26. Rd2 Bc6 27. Bb5 Bxb5 28. axb5 Nf8 29. Rd5 Ne6 30. g3 Ng5 31. Nd2 Ne6 32. Nb3 Rc8 33. Kd3 Nc7 0-1

[Event "Landesliga Nord 1415"]
[Site "Bayern"]
[Date "2015.02.22"]
[Round "7.5"]
[White "Muehlbauer, Gerhard"]
[Black "Gehlert, Klaus"]
[Result "0-1"]
[WhiteElo "1918"]
[BlackElo "2018"]
[PlyCount "92"]
[EventDate "2014.10.19"]
[EventType "team-tourn"]
[EventRounds "9"]
[EventCountry "GER"]
[SourceTitle "EXT 2018"]
[Source "ChessBase"]
[SourceDate "2017.10.13"]
[SourceVersion "1"]
[SourceVersionDate "2017.10.13"]
[SourceQuality "1"]
[WhiteTeam "Bad Koetzting"]
[BlackTeam "Wuerzburg"]
[WhiteTeamCountry "GER"]
[BlackTeamCountry "GER"]

1. d4 e6 2. c4 f5 3. Nc3 Nf6 4. g3 d5 5. Bg2 c6 6. cxd5 exd5 7. Qb3 Bd6 8. Nh3 0-0 9. 0-0 Kh8 10. Bf4 Be7 11. Rad1 Na6 12. Kh1 Nc7 13. f3 Ne6 14. Be5 Nd7 15. e4 fxe4 16. fxe4 Rxf1+ 17. Rxf1 Nxe5 18. dxe5 Nc5 19. Qc2 d4 20. Nd1 d3 21. Qf2 Bxh3 22. Bxh3 Nxe4 23. Qe3 Ng5 24. Bg2 Qd7 25. Nf2 Rd8 26. Rd1 d2 27. h4 Ne6 28. Ne4 Bb4 29. a3 Ba5 30. Nd6 Bb6 31. Qxd2 Qe7 32. Qe2 Bc5 33. Bh3 Nd4 34. Rxd4 Bxd4 35. Qc4 Rxd6 36. exd6 Qxd6 37. Qf7 Qb8 38. Bd7 Bxb2 39. Qe6 Qf8 40. a4 g6 41. Kg2 Bd4 42. Bc8 h5 43. Qe4 Qf2+ 44. Kh3 Qf1+ 45. Kh2 Bg1+ 46. Kh1 Bf2+ 0-1

[Event "Landesliga Nord 1415"]
[Site "Bayern"]
[Date "2015.01.18"]
[Round "5.7"]
[White "Krauseneck, Peter"]
[Black "Muehlbauer, Gerhard"]
[Result "1-0"]
[WhiteElo "2144"]
[BlackElo "1918"]
[PlyCount "72"]
[EventDate "2014.10.19"]
[EventType "team-tourn"]
[EventRounds "9"]
[EventCountry "GER"]
[SourceTitle "EXT 2018"]
[Source "ChessBase"]
[SourceDate "2017.10.13"]
[SourceVersion "1"]
[SourceVersionDate "2017.10.13"]
[SourceQuality "1"]
[WhiteTeam "Bamberg SC"]
[BlackTeam "Bad Koetzting"]
[WhiteTeamCountry "GER"]
[BlackTeamCountry "GER"]

1. e4 c5 2. Nf3 d6 3. c3 Nf6 4. Bc4 e6 5. Qe2 Be7 6. d4 cxd4 7. cxd4 a6 8. Nc3 b5 9. Bd3 Bb7 10. 0-0 0-0 11. Bd2 Nbd7 12. Rac1 Rc8 13. h3 Nb6 14. b3 Rc7 15. Qe3 Nbd7 16. e5 dxe5 17. dxe5 Nd5 18. Nxd5 Bxd5 19. Ba5 Rxc1 20. Bxd8 Rxf1+ 21. Kxf1 Rxd8 22. Be4 Nc5 23. Bxd5 exd5 24. Nd4 Bf8 25. Qg5 Re8 26. Nf5 Re6 27. f4 Nd3 28. g3 Nc1 29. Qd8 Nxa2 30. Qxd5 Nc3 31. Qd8 Ne4 32. Kg2 b4 33. Kf3 Nc5 34. Qd5 Re8 35. Nd6 Bxd6 36. exd6 Ne6 1-0

[Event "Landesliga Nord 1415"]
[Site "Bayern"]
[Date "2014.12.07"]
[Round "4.7"]
[White "Muehlbauer, Gerhard"]
[Black "Tiller, Jaroslav"]
[Result "0-1"]
[WhiteElo "1918"]
[BlackElo "1998"]
[PlyCount "46"]
[EventDate "2014.10.19"]
[EventType "team-tourn"]
[EventRounds "9"]
[EventCountry "GER"]
[SourceTitle "EXT 2018"]
[Source "ChessBase"]
[SourceDate "2017.10.13"]
[SourceVersion "1"]
[SourceVersionDate "2017.10.13"]
[SourceQuality "1"]
[WhiteTeam "Bad Koetzting"]
[BlackTeam "Bindlach Aktionaer II"]
[WhiteTeamCountry "GER"]
[BlackTeamCountry "GER"]

1. d4 Nf6 2. Nf3 d6 3. g3 g6 4. Bg2 Bg7 5. 0-0 0-0 6. c4 a6 7. Nc3 Nc6 8. d5 Na5 9. Qd3 c5 10. Bd2 Rb8 11. e4 b5 12. cxb5 axb5 13. Rab1 b4 14. Ne2 Qb6 15. Bg5 Ba6 16. Qc2 b3 17. axb3 Qxb3 18. Qxb3 Nxb3 19. Bxf6 Bxf6 20. Rfe1 Bd3 21. Nc3 Bxb1 22. Rxb1 Rb4 23. e5 Bg7 0-1

[Event "Landesliga Nord 1011"]
[Site "Bayern"]
[Date "2010.10.24"]
[Round "2.6"]
[White "Muehlbauer, Gerhard"]
[Black "Heimerdinger, Joerg"]
[Result "0-1"]
[WhiteElo "1918"]
[BlackElo "1979"]
[PlyCount "80"]
[EventDate "2010.10.10"]
[EventType "team-tourn"]
[EventRounds "9"]
[EventCountry "GER"]
[SourceTitle "EXT 2012"]
[Source "ChessBase"]
[SourceDate "2011.11.24"]
[SourceVersion "1"]
[SourceVersionDate "2011.11.24"]
[SourceQuality "1"]
[WhiteTeam "Koetzting"]
[BlackTeam "Bindlach II"]
[WhiteTeamCountry "GER"]
[BlackTeamCountry "GER"]

1. e4 e6 2. d4 d5 3. exd5 exd5 4. Bd3 Bd6 5. Nf3 Nc6 6. c3 Bg4 7. Be3 Qd7 8. Nbd2 f5 9. Nb3 Nf6 10. Qe2 0-0 11. 0-0-0 f4 12. Bd2 Rae8 13. Qf1 Ne4 14. Re1 a6 15. Ng1 b5 16. a3 Nxd2 17. Nxd2 Na5 18. Ngf3 Nc4 19. Rxe8 Rxe8 20. Qd1 Qc6 21. h3 Bh5 22. Qc2 g6 23. Re1 Rb8 24. Ng5 a5 25. Re6 Kg7 26. g3 fxg3 27. fxg3 Qd7 28. Bxc4 bxc4 29. g4 Bf4 30. gxh5 Bxg5 31. Re1 Qxh3 32. hxg6 hxg6 33. Rg1 Qe3 34. Rg2 Rf8 35. Qa4 Qe1+ 36. Kc2 Bxd2 37. Rxd2 Qe4+ 38. Kc1 Rf1+ 39. Rd1 Qe3+ 40. Kc2 Qe2+ 0-1

[Event "Landesliga Nord 1011"]
[Site "Bayern"]
[Date "2010.10.10"]
[Round "1.7"]
[White "Muehlbauer, Gerhard"]
[Black "Stoeckl, Stephan"]
[Result "0-1"]
[WhiteElo "1918"]
[BlackElo "2035"]
[PlyCount "76"]
[EventDate "2010.10.10"]
[EventType "team-tourn"]
[EventRounds "9"]
[EventCountry "GER"]
[SourceTitle "EXT 2012"]
[Source "ChessBase"]
[SourceDate "2011.11.24"]
[SourceVersion "1"]
[SourceVersionDate "2011.11.24"]
[SourceQuality "1"]
[WhiteTeam "Koetzting"]
[BlackTeam "Schwandorf"]
[WhiteTeamCountry "GER"]
[BlackTeamCountry "GER"]

1. e4 c5 2. Nf3 e6 3. d4 cxd4 4. Nxd4 Nf6 5. Bd3 Nc6 6. Nxc6 bxc6 7. 0-0 d5 8. e5 Nd7 9. Re1 Qc7 10. f4 Ba6 11. Be3 Bxd3 12. cxd3 Bb4 13. Nd2 0-0 14. a3 Be7 15. Rc1 Qb7 16. Qc2 c5 17. Re2 Rfc8 18. Nf3 Rab8 19. Qd1 Qa6 20. Rcc2 Rb3 21. Ne1 Rcb8 22. Bc1 Qa4 23. Rc3 Rxa3 24. Qxa4 Rxa4 25. Kf2 Bd8 26. g3 Ba5 27. Rcc2 Rb3 28. Re3 Bb6 29. Ke2 Nb8 30. d4 Rxe3+ 31. Bxe3 c4 32. b3 Rb4 33. bxc4 dxc4 34. Nf3 Nc6 35. Bd2 Ra4 36. Ke3 f6 37. Ke4 Ra3 38. g4 Rxf3 0-1

[Event "Landesliga Nord 0910"]
[Site "Bayern"]
[Date "2010.02.07"]
[Round "6.5"]
[White "Muehlbauer, Gerhard"]
[Black "Mittag, Ralf"]
[Result "1-0"]
[WhiteElo "1967"]
[BlackElo "2059"]
[PlyCount "47"]
[EventDate "2009.10.18"]
[EventType "team-tourn"]
[EventRounds "9"]
[EventCountry "GER"]
[SourceTitle "EXT 2011"]
[Source "ChessBase"]
[SourceDate "2010.11.26"]
[SourceVersion "1"]
[SourceVersionDate "2010.11.26"]
[SourceQuality "1"]
[WhiteTeam "Koetzting"]
[BlackTeam "Bamberg"]
[WhiteTeamCountry "GER"]
[BlackTeamCountry "GER"]

1. e4 g6 2. d4 Bg7 3. c4 d6 4. Nc3 Nc6 5. Be3 e5 6. d5 Nce7 7. Bd3 f5 8. f3 Nf6 9. Qd2 0-0 10. Nge2 fxe4 11. Nxe4 Nf5 12. Bg5 c6 13. g4 Ne7 14. N2c3 a6 15. h4 cxd5 16. cxd5 b5 17. h5 gxh5 18. Nxf6+ Bxf6 19. Bxf6 Rxf6 20. Qg5+ Kf7 21. Rxh5 h6 22. Rxh6 Rxh6 23. Qxh6 Ng8 24. Bg6+ 1-0

[Event "Landesliga Nord 0910"]
[Site "Bayern"]
[Date "2010.01.24"]
[Round "5.6"]
[White "Muehlbauer, Gerhard"]
[Black "Fredrich, Viktor"]
[Result "1-0"]
[WhiteElo "1967"]
[BlackElo "1916"]
[PlyCount "83"]
[EventDate "2009.10.18"]
[EventType "team-tourn"]
[EventRounds "9"]
[EventCountry "GER"]
[SourceTitle "EXT 2011"]
[Source "ChessBase"]
[SourceDate "2010.11.26"]
[SourceVersion "1"]
[SourceVersionDate "2010.11.26"]
[SourceQuality "1"]
[WhiteTeam "Koetzting"]
[BlackTeam "Kulmbach"]
[WhiteTeamCountry "GER"]
[BlackTeamCountry "GER"]

1. e4 c5 2. Nf3 Nc6 3. d4 cxd4 4. Nxd4 e5 5. Nb5 d6 6. c4 a6 7. N5c3 Nf6 8. Be2 Be7 9. Be3 0-0 10. 0-0 Be6 11. Nd2 Nd4 12. Bxd4 exd4 13. Nd5 Nxd5 14. cxd5 Bd7 15. Qb3 b5 16. Nf3 Bf6 17. Qd3 Bg4 18. Rac1 Bxf3 19. Bxf3 Rc8 20. Bg4 Rc5 21. Rxc5 dxc5 22. b3 Re8 23. f4 Qa5 24. e5 Bd8 25. Qf5 g6 26. Qd7 Kf8 27. d6 f5 28. e6 Re7 29. dxe7+ Bxe7 30. Bf3 Qb6 31. Bc6 Qd8 32. Qxd8+ Bxd8 33. Re1 Bb6 34. Kf1 Ke7 35. Bd7 c4 36. bxc4 bxc4 37. Rc1 c3 38. Ke2 h6 39. Kd3 g5 40. fxg5 hxg5 41. Rf1 Kf6 42. Rxf5+ 1-0

[Event "Landesliga Nord 0910"]
[Site "Bayern"]
[Date "2009.11.15"]
[Round "2.6"]
[White "Link, Klaus"]
[Black "Muehlbauer, Gerhard"]
[Result "1/2-1/2"]
[WhiteElo "1876"]
[BlackElo "1967"]
[PlyCount "37"]
[EventDate "2009.10.18"]
[EventType "team-tourn"]
[EventRounds "9"]
[EventCountry "GER"]
[SourceTitle "EXT 2011"]
[Source "ChessBase"]
[SourceDate "2010.11.26"]
[SourceVersion "1"]
[SourceVersionDate "2010.11.26"]
[SourceQuality "1"]
[WhiteTeam "Klingenberg"]
[BlackTeam "Koetzting"]
[WhiteTeamCountry "GER"]
[BlackTeamCountry "GER"]

1. e4 c5 2. c3 Nf6 3. e5 Nd5 4. Nf3 d6 5. d4 a6 6. Bc4 e6 7. 0-0 Be7 8. a4 b6 9. Re1 Bb7 10. Nbd2 Qc7 11. Bf1 Nd7 12. Nc4 0-0 13. Bg5 dxe5 14. Bxe7 Nxe7 15. Nfxe5 Nf6 16. Qb3 Ned5 17. Rad1 Rab8 18. Qa3 b5 19. Ne3 1/2-1/2

[Event "Oberpfalz-ch M1"]
[Site "Kelheim"]
[Date "2009.04.07"]
[Round "8"]
[White "Kaeck, Ralf"]
[Black "Muehlbauer, Gerhard"]
[Result "1/2-1/2"]
[WhiteElo "1997"]
[BlackElo "2060"]
[PlyCount "20"]
[EventDate "2009.04.04"]
[EventType "swiss"]
[EventRounds "8"]
[EventCountry "GER"]
[SourceTitle "EXT 2022"]
[Source "ChessBase"]
[SourceDate "2021.10.06"]
[SourceVersion "1"]
[SourceVersionDate "2021.10.06"]
[SourceQuality "1"]

1. d4 Nf6 2. Bf4 c5 3. e3 g6 4. c3 Qb6 5. Qc2 Bg7 6. Nd2 d6 7. Bd3 0-0 8. Ngf3 cxd4 9. exd4 Nc6 10. 0-0 Bd7 1/2-1/2

[Event "Oberpfalz-ch M1"]
[Site "Kelheim"]
[Date "2009.04.04"]
[Round "1"]
[White "Muehlbauer, Gerhard"]
[Black "Enders, Christian"]
[Result "0-1"]
[WhiteElo "2060"]
[BlackElo "1723"]
[PlyCount "68"]
[EventDate "2009.04.04"]
[EventType "swiss"]
[EventRounds "8"]
[EventCountry "GER"]
[SourceTitle "EXT 2022"]
[Source "ChessBase"]
[SourceDate "2021.10.06"]
[SourceVersion "1"]
[SourceVersionDate "2021.10.06"]
[SourceQuality "1"]

1. e4 c6 2. d4 d5 3. Nd2 dxe4 4. Nxe4 Bf5 5. Ng3 Bg6 6. Nf3 Nf6 7. Bd3 e6 8. 0-0 Bd6 9. c4 0-0 10. b3 Nbd7 11. Bb2 Re8 12. Bxg6 hxg6 13. Re1 Qc7 14. Qe2 Rad8 15. a3 b6 16. Rad1 a5 17. Ne4 Nxe4 18. Qxe4 Nf6 19. Qh4 Be7 20. Ng5 Nh5 21. Bc1 c5 22. g4 Nf6 23. d5 exd5 24. cxd5 Bd6 25. Bb2 Be5 26. d6 Rxd6 27. f4 Rxd1 28. fxe5 Rxe1+ 29. Qxe1 Qd7 30. h3 Nxg4 31. e6 Nh6 32. Bxg7 Nf5 33. Qe5 fxe6 34. Bf6 Qd4+ 0-1

[Event "Landesliga Nord 0708"]
[Site "Bayern"]
[Date "2008.04.06"]
[Round "8.3"]
[White "Lowitz, Torsten"]
[Black "Muehlbauer, Gerhard"]
[Result "1/2-1/2"]
[WhiteElo "2080"]
[BlackElo "1953"]
[PlyCount "21"]
[EventDate "2007.10.21"]
[EventType "team-tourn"]
[EventRounds "9"]
[EventCountry "GER"]
[SourceTitle "EXT 2009"]
[Source "ChessBase"]
[SourceDate "2008.11.26"]
[SourceVersion "1"]
[SourceVersionDate "2008.11.26"]
[SourceQuality "1"]
[WhiteTeam "Puschendorf"]
[BlackTeam "Koetzting"]
[WhiteTeamCountry "GER"]
[BlackTeamCountry "GER"]

1. d4 Nf6 2. Nf3 g6 3. e3 Bg7 4. Bd3 0-0 5. 0-0 d6 6. c3 c5 7. Re1 Qc7 8. h3 a6 9. Nbd2 b5 10. e4 Bb7 11. Qe2 1/2-1/2

[Event "Landesliga Nord 0708"]
[Site "Bayern"]
[Date "2008.01.20"]
[Round "5.5"]
[White "Muehlbauer, Gerhard"]
[Black "Dirmeier, Matthias"]
[Result "1/2-1/2"]
[WhiteElo "1957"]
[BlackElo "1971"]
[PlyCount "89"]
[EventDate "2007.10.21"]
[EventType "team-tourn"]
[EventRounds "9"]
[EventCountry "GER"]
[SourceTitle "EXT 2009"]
[Source "ChessBase"]
[SourceDate "2008.11.26"]
[SourceVersion "1"]
[SourceVersionDate "2008.11.26"]
[SourceQuality "1"]
[WhiteTeam "Koetzting"]
[BlackTeam "Schwandorf"]
[WhiteTeamCountry "GER"]
[BlackTeamCountry "GER"]

1. e4 c6 2. d4 d5 3. e5 Bf5 4. Bd3 Bxd3 5. Qxd3 e6 6. Ne2 c5 7. c3 Qb6 8. 0-0 Nc6 9. Nd2 cxd4 10. cxd4 Nge7 11. a3 Nf5 12. Nf3 Be7 13. b4 0-0 14. Bd2 Rac8 15. Rac1 a6 16. Rc2 Rc7 17. Rfc1 Rfc8 18. g4 Nh4 19. Nxh4 Bxh4 20. Be3 Be7 21. Bd2 Na7 22. Nc3 Rc4 23. Ne2 Qc6 24. Rxc4 dxc4 25. Qe3 Nb5 26. Rc2 Rd8 27. Bc1 Nc7 28. Nc3 Nb5 29. Nxb5 Qxb5 30. Qc3 Rc8 31. Be3 Qd5 32. Rd2 Qf3 33. g5 Qg4+ 34. Kh1 Qf3+ 35. Kg1 Qg4+ 36. Kh1 Qf3+ 37. Kg1 Bxg5 38. Rc2 Qg4+ 39. Kh1 Qf3+ 40. Kg1 Qg4+ 41. Kh1 Be7 42. Rc1 h5 43. Qe1 Qe4+ 44. Kg1 h4 45. Qf1 1/2-1/2

[Event "Oberpfalz-ch M1"]
[Site "Windischeschenbach"]
[Date "2007.04.02"]
[Round "6"]
[White "Zinkl, Andreas"]
[Black "Muehlbauer, Gerhard"]
[Result "0-1"]
[WhiteElo "2137"]
[BlackElo "1848"]
[PlyCount "60"]
[EventDate "2007.03.31"]
[EventType "swiss"]
[EventRounds "8"]
[EventCountry "GER"]
[SourceTitle "EXT 2022"]
[Source "ChessBase"]
[SourceDate "2021.10.06"]
[SourceVersion "1"]
[SourceVersionDate "2021.10.06"]
[SourceQuality "1"]

1. e4 c5 2. Nf3 e6 3. d4 cxd4 4. Nxd4 Nf6 5. Bd3 a6 6. 0-0 d6 7. Qe2 Qc7 8. Nc3 Be7 9. f4 Nbd7 10. Be3 b5 11. a3 Bb7 12. Rae1 Nb6 13. e5 Nfd5 14. Nxd5 Bxd5 15. Rf2 g6 16. f5 dxe5 17. fxe6 f6 18. Nf3 Nc4 19. Bxc4 Bxc4 20. Qd1 Rd8 21. Nd2 Bxe6 22. Qf3 0-0 23. Nf1 f5 24. Bf4 exf4 25. Rxe6 Bc5 26. Rxa6 Bxf2+ 27. Qxf2 Rfe8 28. a4 Rd1 29. Ra7 Qc4 30. b3 Rxf1+ 0-1

[Event "Oberpfalz-ch M2"]
[Site "Regensburg"]
[Date "2006.04.11"]
[Round "7"]
[White "Muehlbauer, Gerhard"]
[Black "Zwetz, Anita"]
[Result "1-0"]
[WhiteElo "1870"]
[BlackElo "1605"]
[PlyCount "77"]
[EventDate "2006.04.08"]
[EventType "swiss"]
[EventRounds "8"]
[EventCountry "GER"]
[SourceTitle "EXT 2022"]
[Source "ChessBase"]
[SourceDate "2021.10.06"]
[SourceVersion "1"]
[SourceVersionDate "2021.10.06"]
[SourceQuality "1"]

1. e4 c5 2. Nf3 e6 3. d4 cxd4 4. Nxd4 Bc5 5. Nb3 Bb6 6. Nc3 Ne7 7. Bc4 0-0 8. 0-0 f5 9. Nb5 Nbc6 10. Nd6 f4 11. Kh1 Ng6 12. Be2 Nge5 13. c4 Qf6 14. c5 Bc7 15. f3 g5 16. Bd2 Bxd6 17. cxd6 Nf7 18. Bc3 e5 19. Bc4 Kh8 20. Bxf7 Rxf7 21. Qd5 Rb8 22. Na5 Kg8 23. b4 Nd8 24. Bxe5 Qg6 25. Rac1 b6 26. Nb3 Bb7 27. Qd3 Ne6 28. Rc3 g4 29. Nd4 Ng5 30. Nf5 Qh5 31. Bxf4 gxf3 32. gxf3 Nh3 33. Bg3 Rxf5 34. exf5 Rf8 35. Qc4+ Rf7 36. Qd4 Bxf3+ 37. Rfxf3 Ng5 38. Rf2 Nh3 39. Rg2 1-0